000 002910000a22000970004500
100 1 _aMitchell, Bill
245 1 0 _aFanged, fierce, fertile... Gods of the Andes at the conquest
300 _aVol. 72, Num 2 (Abril-Junio, 1992), Páginas 18-19
773 0 _tLatin America Evangelist
942 _cANA
999 _c54634
_d54634